Madres y Huachos: alegorías del mestizaje chileno
Guardat en:
| Autor principal: | |
|---|---|
| Format: | Llibre |
| Idioma: | espanyol |
| Publicat: |
Santiago
Sudamericana
1996
|
| Col·lecció: | Bibliotecas Claves de Chile
|
| Matèries: | |
| Etiquetes: |
Afegir etiqueta
Sense etiquetes, Sigues el primer a etiquetar aquest registre!
|
MARC
| LEADER | 00000nam a2200000 a 4500 | ||
|---|---|---|---|
| 001 | UCS1453 | ||
| 003 | CL-VaPUC | ||
| 008 | 970509e19960000CL |||||||||||||||||spa|d | ||
| 082 | 0 | 4 | |a 305.8 |b MON |2 21 |
| 100 | |a Montecino Aguirre, Sonia |e autora |9 342204 | ||
| 245 | 1 | 0 | |a Madres y Huachos: alegorías del mestizaje chileno |
| 300 | |a 176 p | ||
| 942 | |c BK | ||
| 945 | |d 19970509 00:00:00 |a amoreno | ||
| 260 | |a Santiago |b Sudamericana |c 1996 | ||
| 650 | 0 | |a Derechos de la mujer |9 257074 | |
| 650 | 0 | |a Mestizaje |9 314827 | |
| 650 | 7 | |a HIJOS LEGITIMOS |2 CL-VaPUC |9 385916 | |
| 650 | 0 | |a Cultura |9 269059 | |
| 651 | 7 | |a CHILE |2 CL-VaPUC |9 385917 | |
| 583 | |a last modification |c 20160311 00:03:12 |k Rodrigo Vera | ||
| 490 | 0 | |a Bibliotecas Claves de Chile | |
| 999 | |c 259534 |d 259532 | ||
| 952 | |0 0 |1 0 |4 0 |6 305_800000000000000_MON_1996 |7 0 |8 A |9 284378 |a BIBEDU |b BIBEDU |d 2019-11-19 |i 3598373 |o 305.8 MON 1996 |p 3598373 |r 2023-01-12 |w 2019-11-19 |y BK |k MUS | ||
| 952 | |0 0 |1 0 |4 0 |6 305_800000000000000_MON_1996 |7 0 |8 A |9 284380 |a BIBEDU |b BIBEDU |d 2019-11-19 |i 359839K |o 305.8 MON 1996 |p 359839K |r 2022-01-17 |w 2019-11-19 |y BK |k MUS | ||
| 952 | |0 0 |1 0 |4 0 |6 305_800000000000000_MON_1996 |7 0 |8 A |9 284381 |a BIBEDU |b BIBEDU |d 2019-11-19 |i 3598403 |o 305.8 MON 1996 |p 3598403 |r 2023-01-12 |w 2019-11-19 |y BK |k MUS | ||
| 952 | |0 0 |1 0 |4 0 |6 305_800000000000000_MON_1996 |7 0 |8 A |9 284382 |a BIBCUR |b BIBCUR |d 2019-11-19 |i 3641600 |o 305.8 MON 1996 |p 3641600 |r 2025-04-22 |w 2019-11-19 |y BK |k PER | ||
| 952 | |0 0 |1 0 |4 0 |6 305_800000000000000_MON_1996 |7 0 |8 A |9 284383 |a BIBCUR |b BIBCUR |d 2019-11-19 |i 3641619 |l 1 |o 305.8 MON 1996 |p 3641619 |r 2025-04-22 |s 2023-10-11 |w 2019-11-19 |y BK |k PER | ||
| 952 | |0 0 |1 0 |4 0 |6 305_800000000000000_MON_1996 |7 0 |8 A |9 284384 |a BIBCUR |b BIBCUR |d 2019-11-19 |i 3641627 |o 305.8 MON 1996 |p 3641627 |r 2025-04-22 |w 2019-11-19 |y BK |k PER | ||